00883nam a22002417a 450000500170000001000130001702000230003003500130005303700160006604000120008208200180009410000230011224501010013526000400023627000630027630000210033965000360036065000360039670000280043294200270046099900190048795201350050620170124110223.0 aA-991817 c600.00a8170226732 aA-991817 bCen Lib/Ret aDPLbEN a595.7003bSIN aSingh, O. P940331 aDictionary of entomology plant pathology and nematology /cby O. P. Singh [and] S. K. Srivastava aNew DelhibConcept Publishingc1998 aA/15-16, Commercial Block, Mohan GardenbNew Delhie110059 a456p. c22cm(Hb) aEntomology--Dictionaries940332 aNematology--Dictionaries940333 aSrivastava, S. K929284 2ddccENh595.7003mSIN c134285d134285 001040718REFaLbLd2015-07-29eCen Lib/Ret g600.00l0o595.7003 SINpA-991817r2015-07-29 00:00:00t1v600.00w2015-07-29yEN